Statistics for Countries by Proportion of Population Living in Capital City

Click here to take the quiz!

General Stats

  • This quiz has been taken 832 times
  • The average score is 8 of 20

Answer Stats

Proportion of Population in Capital CityCountry (Capital)% Correct
100%Vatican City (Vatican City)
93%
100%Singapore (Singapore)
86%
66.85%Qatar (Doha)
59%
35.78%Kuwait (Kuwait City)
55%
35.60%Iceland (Reykjavik)
52%
38.40%Saint Lucia (Castries)
47%
39.06%Barbados (Bridgetown)
45%
36.59%Saint Vincent and the Grenadines (Kingstown)
44%
45.48%Tuvalu (Funafuti)
43%
65.97%Bahamas (Nassau)
41%
48.26%Marshall Islands (Majuro)
35%
54.45%Djibouti (Djibouti City)
33%
35.25%Lebanon (Beirut)
33%
47.13%Suriname (Paramaribo)
28%
40.21%Uruguay (Montevideo)
27%
40.26%Jordan (Amman)
25%
35.42%Latvia (Riga)
23%
36.29%Armenia (Yerevan)
17%
39.19%Republic of the Congo (Brazzaville)
13%
33.28%Gabon (Libreville)
9%

Score Distribution

Percentile by Number Answered

Percent of People with Each Score

Your Score History

You have not taken this quiz